000 00489nam a2200181Ia 4500
001 11749
005 20260306162851.0
008 260306t2024||||xx |||||||||||||| ||spa||
041 _aESP
082 _aHR 100
_bV. 33 F. 2 2024 AP
110 _aPontificia UniversitĂ  della Santa Croce
245 0 _aActa philosophica :
_brivista internazionale di filosofia
260 _c2024
300 _aPáginas 212-406 :
_c24 cm.
650 _aGEN
654 _aCHU
942 _cREV
_dJUS
_fJUS
_2ddc
_n
999 _c11749
_d11749